Регионална библиотека "Любен Каравелов" - Русе

Дневникът на Бриджет Джоунс (Запис номер 28868)

MARC детайли
000 -Лидер
Контролно поле с фиксирана дължина 01239nam a2200325 c 4500
003 - Код на организацията, давaща контролен номер
Контролно поле BLK
005 - Дата и час на последна редакция
Контролно поле 20221031105346.0
008 - Елементи от данни с фиксирана дължина
fixed length control field 180407b bul|||||r ||||||| ||bul||
010 ## - Наследен системен номер
LC control number KNG00031468000
020 ## - Международен стандартен номер на книга ISBN
Международен стандартен номер на книга ISBN 954-529-148-6
040 ## - Източник на каталожния запис
Идентификатор на билиотеката - собственик на записа BLK
041 ## - Код за език
Код за езика на текст/звукозапис или на отделно заглавие Български
Код за езика КДБФ Български
080 ## - УДК
Текстов определител УДК Английска литература
УДК код - определител по УДК 821.111
УДК определител -31
УДК - код + определител 821.111-31
100 1# - Редна дума - Автор
Автор Филдинг, Хелън
Авторска отговорност първи автор
R(LIN) 269976
139 ## - Редно поле
Редна дума Филдинг, Хелън
Авторски знак Фил - Ф 49
245 10 - Сведения за заглавието
Заглавие Дневникът на Бриджет Джоунс
Подзаглавни данни Роман
Редно поле (дума) Хелън Филдинг; прев. от англ. Савина Аспарухова Манолова.
257 ## - Страна на издаване
Страна на създаване/издаване Великобритания
260 ## - Област на издателските данни
Име на издателя, разпространителя и проч. Колибри
Година на издаване 2000
Печатница София : Балкан прес
300 ## - Физическа характеристика
Страници 285 с.
Размери/Мащаб 20 см
380 ## - Жанр
Жанр Худож. лит.
500 ## - Общи забележки
Забележка Ориг. загл. Bridget Jones's Diary / Helen Fielding.
700 1# - Други автори (авторска отговорност)
Лично име Манолова, Савина Аспарухова
Автороска отговорност (Описва отношението между автора и произведението) прев. от англ.
9 (RLIN) 365598
852 ## - Местоположение
Форматна сигнатура Цб 204232
856 4# - Електронен адрес и достъп
Електронен формат pdf - файл
856 4# - Електронен адрес и достъп
Електронен формат pdf - файл
999 ## - СИСТЕМНИ КОНТРОЛНИ НОМЕРА
Koha biblionumber 28868
Koha biblioitemnumber 28868
942 ## - АРТИКУЛИ
Вид на библиотечния материал Книги
Скрит в OPAC Не
Koha issues (borrowed), all copies 8
Периодичен библиозапис Да
944 ## - СЪЗДАВАНЕ И РЕДАКЦИЯ на ЗАПИСА
Създаване/Редакция Създаване
Дата на регистрацията/редакция 15.01.2003
Статус, дата на статуса ф /
Служител, извършил регистрацията/редакцията Людмила_Стоянова
944 ## - СЪЗДАВАНЕ И РЕДАКЦИЯ на ЗАПИСА
Създаване/Редакция Редакция
Дата на регистрацията/редакция 19.12.2013
Статус, дата на статуса ф /
999 ## - СИСТЕМНИ КОНТРОЛНИ НОМЕРА
Koha biblioitemnumber 28868
Наличности
Код за отписване Код за изгубен артикул Код за повреда Коз за рестрикции Код за отдаване Артикулен № Име на библиотеката - собственик Име на библиотеката, в която се намира в момента Статус (Текущо местоположение) Дата на вписване в системата Местоположение - отдел Цена в лева Инвентарен номер Систематично азбучна сигнатура Баркод Номер на екземпляра Цена в евро Служебна бележка Служебен тип на артикула Източник на класификационната схема
Изтеглен Не е изгубен Не е повреден без рестрикции заемане за дома 46279 Регионална библиотека "Любен Каравелов" Русе Регионална библиотека "Любен Каравелов" Русе Заемна - подръчен фонд 2001-01-01 Заемна - подръчен фонд 5.00 655005 П 820-31/Ф 49 655005 1 2.56 Дост: Pk Вид: Ф N: стар фонд Дата: 01.01.2000 Дата инв: 15.02.2018 Бележки инв: П2018 Книги  
Изтеглен Не е изгубен Не е повреден без рестрикции заемане за дома 46280 Регионална библиотека "Любен Каравелов" Русе Регионална библиотека "Любен Каравелов" Русе Заемна - подръчен фонд 2002-11-14 Заемна - подръчен фонд 5.00 120000673280 П 820-31/Ф 49 120000673280 2 2.56 Дост: Pk Вид: Ф N: 46 Дата: 12.11.2002 Дата инв: 15.02.2018 Бележки инв: П2018 Книги  
Изтеглен Не е изгубен Не е повреден без рестрикции заемане за дома 46281 Регионална библиотека "Любен Каравелов" Русе Регионална библиотека "Любен Каравелов" Русе Заемна - подръчен фонд 2003-07-28 Заемна - подръчен фонд 6.00 120000677922 П 820-31/Ф 49 120000677922 3 3.07 Дост: Pk Вид: Ф N: 16075 Дата: 11.07.2003 Дата инв: 15.02.2018 Бележки инв: П2018 Книги  
  Не е изгубен Не е повреден без рестрикции заемане за дома 46282 Регионална библиотека "Любен Каравелов" Русе Регионална библиотека "Любен Каравелов" Русе Заемна - подръчен фонд 2003-08-21 Заемна - подръчен фонд 6.00 120000678481 П 820-31/Ф 49 120000678481 4 3.07 Дост: Pk Вид: Ф N: 16429 Дата: 14.08.2003 Дата инв: 15.02.2018 Бележки инв: П2018 Книги  
  Не е изгубен Не е повреден без рестрикции заемане за дома 46283 Регионална библиотека "Любен Каравелов" Русе Регионална библиотека "Любен Каравелов" Русе Заемна - подръчен фонд 2006-12-28 Заемна - подръчен фонд 8.00 120000707935 П 821-31/Ф 49 120000707935 5 4.09 Дост: Pk Вид: Ф N: 47857 Дата: 21.12.2006 Дата инв: 15.02.2018 Бележки инв: П2018 Книги Universal Decimal Classification
Изтеглен Не е изгубен Не е повреден без рестрикции заемане за дома 46284 Регионална библиотека "Любен Каравелов" Русе Регионална библиотека "Любен Каравелов" Русе Заемна - подръчен фонд 2013-12-09 Заемна - подръчен фонд 8.00 120000772806 П 820-31/Ф 49 120000772806 6 4.09 Дост: DA Вид: А N: 20 Дата: 09.12.2013 Дата инв: 15.02.2018 Бележки инв: П2018 Книги  
Vip Innovations Ltd, Rousse, Bulgaria 2025